Goodman and Gilman's The pharmacological basis of therapeutics / (Record no. 14641)
[ view plain ]
| 000 -LEADER | |
|---|---|
| fixed length control field | 01084nam a2200325 a 4500 |
| 001 - CONTROL NUMBER | |
| control field | 14641 |
| 003 - CONTROL NUMBER IDENTIFIER | |
| rucl marc code | BD-RjUL |
| 005 - DATE AND TIME OF LATEST TRANSACTION | |
| control field | 20211208235650.0 |
| 008 - FIXED-LENGTH DATA ELEMENTS--GENERAL INFORMATION | |
| fixed length control field | 161123t19921991nyuaf b 001 0 eng d |
| 020 ## - INTERNATIONAL STANDARD BOOK NUMBER | |
| International Standard Book Number | 007112621X (V-1 & 2) |
| 035 ## - SYSTEM CONTROL NUMBER | |
| System control number | (BD-RjUL)14694 |
| 040 ## - CATALOGING SOURCE | |
| Original cataloging agency | DNLM/DLC |
| Transcribing agency | DLC |
| Modifying agency | OCL |
| -- | m/c |
| -- | BD-RjUL |
| Language of cataloging | eng |
| 041 ## - LANGUAGE CODE | |
| Language code of text/sound track or separate title | eng |
| 060 #0 - NATIONAL LIBRARY OF MEDICINE CALL NUMBER | |
| Classification number | QV 4 G653p |
| 082 00 - DEWEY DECIMAL CLASSIFICATION NUMBER | |
| Classification number | 615.7 |
| Edition number | 23 |
| Author mark and year | PHA V-1-2 1992 |
| 245 00 - TITLE STATEMENT | |
| Title | Goodman and Gilman's The pharmacological basis of therapeutics / |
| Statement of responsibility, etc. | editors: Alfred Goodman Gilman ... [et al.] |
| 246 ## - VARYING FORM OF TITLE | |
| Title proper/short title | Pharmacological basis of therapeutics |
| 250 ## - EDITION STATEMENT | |
| Edition statement | 8th ed. , International ed. |
| 260 ## - PUBLICATION, DISTRIBUTION, ETC. (IMPRINT) | |
| Place of publication, distribution, etc. | New York ; |
| -- | Oxford : |
| Name of publisher, distributor, etc. | McGraw-hill, |
| Date of publication, distribution, etc. | c1991 [Reprint 1992] |
| 300 ## - PHYSICAL DESCRIPTION | |
| Pagination | v. : |
| Illustrations | ill.; |
| Size | 27 cm. |
| 500 ## - GENERAL NOTE | |
| General note | "In Two volumes' |
| 504 ## - BIBLIOGRAPHY, ETC. NOTE | |
| Bibliography, etc | Includes bibliographical reference and index. |
| 505 ## - FORMATTED CONTENTS NOTE | |
| Formatted contents note | Vol. 1.-- V. 2--- |
| 650 #0 - SUBJECT ADDED ENTRY--TOPICAL TERM | |
| Topical term or geographic name as entry element | Chemotherapy. |
| 9 (RLIN) | 45640 |
| Topical term or geographic name as entry element | Pharmacology. |
| 9 (RLIN) | 45641 |
| Topical term or geographic name as entry element | Chemotherapy. |
| 9 (RLIN) | 45642 |
| 700 ## - ADDED ENTRY--PERSONAL NAME | |
| Personal name | Gilman, Alfred Goodman ... [et al.], ed, |
| 942 ## - ADDED ENTRY ELEMENTS (KOHA) | |
| Source of classification or shelving scheme | Dewey Decimal Classification |
| Koha item type | Books |
| Lost status | Source of classification or shelving scheme | Damaged status | Not for loan | Collection code | Permanent Location | Current Location | Shelving location | Date acquired | Source of acquisition | Cost, normal purchase price | Total Checkouts | Full call number | Date last seen | Copy number | Koha item type |
|---|---|---|---|---|---|---|---|---|---|---|---|---|---|---|---|
| Dewey Decimal Classification | Non-fiction | Central Library, University of Rajshahi | Central Library, University of Rajshahi | 23/09/1995 | parash | 8325.00 | 615.7 PHA V-2 1992 | 06/02/2014 | C-2 | Books | |||||
| Dewey Decimal Classification | Non-fiction | Central Library, University of Rajshahi | Central Library, University of Rajshahi | 23/09/1995 | Parah, Puh. | 8325.00 | 615.7 PHA V-1 1992 | 23/11/2016 | C-3 | Books | |||||
| Dewey Decimal Classification | Non-fiction | Central Library, University of Rajshahi | Central Library, University of Rajshahi | 23/09/1995 | Paragogn Enterprise, Dhaka | 8325.00 | 615.7 PHA V-2 1992 | 02/04/2017 | C-3 | Books | |||||
| Dewey Decimal Classification | Non-fiction | Central Library, University of Rajshahi | Central Library, University of Rajshahi | 23/09/1995 | Panjab Pub. Dhaka | 8525.00 | 615.7 PHA V-1 1992 | 03/04/2017 | C-2 | Books | |||||
| Dewey Decimal Classification | Non-fiction | Central Library, University of Rajshahi | Central Library, University of Rajshahi | 23/09/1995 | Parash Pub. Dhaka | 8325.00 | 615.7 PHA V-2 1992 | 03/06/2017 | C-4 | Books | |||||
| Dewey Decimal Classification | Not For Loan | Non-fiction | Central Library, University of Rajshahi | Central Library, University of Rajshahi | Reading Room | 23/09/1995 | Parash Pub. Dhaka | 8325.00 | 615.7 PHA V-1 1992 | 06/06/2017 | C-1 | Books | |||
| Dewey Decimal Classification | Non-fiction | Central Library, University of Rajshahi | Central Library, University of Rajshahi | 23/09/1995 | Parash Pub. Dhaka | 8325.00 | 615.7 PHA V-2 1992 | 06/06/2017 | C-5 | Books | |||||
| Dewey Decimal Classification | Non-fiction | Central Library, University of Rajshahi | Central Library, University of Rajshahi | 23/09/1995 | Parash pub, Dhaka | 8325.00 | 615.7 PHA V-2 1992 | 08/12/2018 | C-1 | Books | |||||
| Dewey Decimal Classification | Non-fiction | Central Library, University of Rajshahi | Central Library, University of Rajshahi | 23/09/1995 | Dhaka, Parash Publisher | 832.50 | 615.7 PHA V-1 1992 | 23/02/2020 | C-4 | Books |